000 01640nam a2200373Ia 4500
001 ebr10449896
003 CaPaEBR
006 m u
007 cr cn|||||||||
008 110113s2009 tz a sb 100 0 eng d
010 _z 2011349002
020 _z9789987080328
020 _z9987080324
040 _aCaPaEBR
_cCaPaEBR
035 _a(OCoLC)715160659
050 1 4 _aP119.3
_b.L36 2009eb
245 0 0 _aLanguage and power
_h[electronic resource] :
_bthe implications of language for peace and development /
_cBrigit Brock-Utne and Gunnar Garbo (editors).
260 _aDar es Salaam, Tanzania :
_bMkuki na Nyota Publishers,
_cc2009.
300 _avii, 336 p. :
_bill.
500 _aPapers from the IMPLAN (Implications of Language for Peace and Development) conference held at the University of Oslo on May 3-4, 2008.
504 _aIncludes bibliographical references.
533 _aElectronic reproduction.
_bPalo Alto, Calif. :
_cebrary,
_d2011.
_nAvailable via World Wide Web.
_nAccess may be limited to ebrary affiliated libraries.
650 0 _aLanguage and languages
_xPolitical aspects
_vCongresses.
650 0 _aSociolinguistics
_vCongresses.
650 0 _aLanguage and education
_vCongresses.
650 0 _aColonies
_vCongresses.
650 0 _aGlobalization
_vCongresses.
650 0 _aPower (Social sciences)
_vCongresses.
655 7 _aElectronic books.
_2local
700 1 _aBrock-Utne, Birgit,
_d1938-
700 1 _aGarbo, Gunnar,
_d1924-
710 2 _aebrary, Inc.
856 4 0 _uhttp://site.ebrary.com/lib/rucke/Doc?id=10449896
_zAn electronic book accessible through the World Wide Web; click to view
999 _c138446
_d138446